<?xml version="1.0" encoding="UTF-8"?>
<record
    xmlns:xsi="http://www.w3.org/2001/XMLSchema-instance"
    xsi:schemaLocation="http://www.loc.gov/MARC21/slim http://www.loc.gov/standards/marcxml/schema/MARC21slim.xsd"
    xmlns="http://www.loc.gov/MARC21/slim">

  <leader>00848nam a22002897a 4500</leader>
  <controlfield tag="001">3048</controlfield>
  <controlfield tag="003">FISKH</controlfield>
  <controlfield tag="005">20240201142209.0</controlfield>
  <controlfield tag="008">240201b        cb ||||| |||| 00| 0 eng d</controlfield>
  <datafield tag="020" ind1=" " ind2=" ">
    <subfield code="a">9780763611873</subfield>
  </datafield>
  <datafield tag="040" ind1=" " ind2=" ">
    <subfield code="a">FISKH</subfield>
    <subfield code="b">eng</subfield>
    <subfield code="c">FISKH</subfield>
    <subfield code="d">FISKH</subfield>
  </datafield>
  <datafield tag="050" ind1=" " ind2=" ">
    <subfield code="a">372.4</subfield>
  </datafield>
  <datafield tag="082" ind1=" " ind2=" ">
    <subfield code="a">PZ7</subfield>
  </datafield>
  <datafield tag="100" ind1=" " ind2=" ">
    <subfield code="a">Martin, David </subfield>
  </datafield>
  <datafield tag="245" ind1=" " ind2=" ">
    <subfield code="a">Monkey, watch out! /</subfield>
    <subfield code="c">by Martin, David</subfield>
  </datafield>
  <datafield tag="250" ind1=" " ind2=" ">
    <subfield code="a">First edition 2000</subfield>
  </datafield>
  <datafield tag="260" ind1=" " ind2=" ">
    <subfield code="a">Massachusetts :</subfield>
    <subfield code="b">Candlewick Press , </subfield>
    <subfield code="c">2000</subfield>
  </datafield>
  <datafield tag="300" ind1=" " ind2=" ">
    <subfield code="a">8 unnumbered pages :</subfield>
    <subfield code="b">color illustrations ;</subfield>
    <subfield code="c">15 cm . </subfield>
  </datafield>
  <datafield tag="490" ind1=" " ind2=" ">
    <subfield code="a"> Brand New Readers</subfield>
  </datafield>
  <datafield tag="505" ind1=" " ind2=" ">
    <subfield code="a">A 
</subfield>
  </datafield>
  <datafield tag="520" ind1=" " ind2=" ">
    <subfield code="a">Only after he stops riding things does monkey have a fall.</subfield>
  </datafield>
  <datafield tag="521" ind1="8" ind2=" ">
    <subfield code="a">10 

</subfield>
    <subfield code="b">Lexile 
</subfield>
  </datafield>
  <datafield tag="521" ind1="8" ind2=" ">
    <subfield code="a">A 
</subfield>
    <subfield code="b">Raz-Plus 
</subfield>
  </datafield>
  <datafield tag="600" ind1=" " ind2=" ">
    <subfield code="2">monkeys</subfield>
    <subfield code="v">children's literature</subfield>
  </datafield>
  <datafield tag="700" ind1=" " ind2=" ">
    <subfield code="a">Nash, Scott</subfield>
    <subfield code="e">illustrator</subfield>
  </datafield>
  <datafield tag="942" ind1=" " ind2=" ">
    <subfield code="2">ddc</subfield>
    <subfield code="c">BK</subfield>
    <subfield code="n">0</subfield>
  </datafield>
  <datafield tag="999" ind1=" " ind2=" ">
    <subfield code="c">3048</subfield>
    <subfield code="d">3048</subfield>
  </datafield>
  <datafield tag="952" ind1=" " ind2=" ">
    <subfield code="0">0</subfield>
    <subfield code="1">0</subfield>
    <subfield code="2">ddc</subfield>
    <subfield code="4">0</subfield>
    <subfield code="7">0</subfield>
    <subfield code="8">JUVF</subfield>
    <subfield code="a">001</subfield>
    <subfield code="b">001</subfield>
    <subfield code="c">TTP</subfield>
    <subfield code="d">2024-02-01</subfield>
    <subfield code="l">0</subfield>
    <subfield code="o">MAR 372.4 </subfield>
    <subfield code="p">FISTK02754</subfield>
    <subfield code="r">2024-02-01 10:30:45</subfield>
    <subfield code="w">2024-02-01</subfield>
    <subfield code="y">BK</subfield>
  </datafield>
</record>
